000 00551nam a22001937a 4500
005 20150807102725.0
010 _aENG-113806
020 _a9788180386671
_c695.00
035 _aEN-97338
037 _bDBAD/PUB
100 _aJain, M.P.
245 _aThe code of civil procedure /
_cby M.P.Jain
250 _a3ed. ed
260 _aGurgaon
_bLexisNexis
_c2011
270 _a14th Floor, Building No.10, Tower-B, DLF Cyber City, Phase-II
_bGurgaon
_e122002
300 _acviii,1482p.,xcii
_c21cm(pbk)
500 _aIncludes index
942 _2ddc
_cEN
_mJAI
999 _c95587
_d95587